Parnaso italiano (Record no. 162355)

MARC details
000 -LEADER
campo de control de longitud fija 01102nam a2200229 i 4500
001 - NÚMERO DE CONTROL
campo de control 162355
003 - IDENTIFICADOR DE NÚMERO DE CONTROL
campo de control ES-MaACL
005 - FECHA Y HORA DE LA ÚLTIMA TRANSACCIÓN
campo de control 20251103200633.0
008 - DATOS DE LONGITUD FIJA--INFORMACIÓN GENERAL
campo de control de longitud fija 980918s1847 fr f |||| | ita d
245 00 - MENCIÓN DEL TÍTULO
Título Parnaso italiano
Resto del título : poeti italiani contemporanei maggiori e minori ; preceduti da un discorso preliminare intorno a Giuseppe Parini e il suo secolo /
Mención de responsabilidad, etc. scritto da Cesare Cantu e seguiti da un saggio di rime di poetesse italiane antiche e moderne scelte da A. Ronna.
260 ## - PUBLICACIÓN, DISTRIBUCIÓN, ETC.
Lugar de publicación, distribución, etc. Parigi :
Nombre del editor, distribuidor, etc. Baudry Libreria Europea,
Fecha de publicación, distribución, etc. 1847.
300 ## - DESCRIPCIÓN FÍSICA
Extensión XX, 1008 [i.e. 1108] p., [1] h. de lám. ;
Dimensiones 21 cm.
530 ## - NOTA DISPONIBLE DE FORMULARIO FÍSICO ADICIONAL
Nota de formato físico adicional disponible Disponible en formato digital.
597 ## - NOTA DE DESCRIPCIÓN FÍSICA
NOTA DE DESCRIPCIÓN FÍSICA Texto a dos columnas.
600 14 - PUNTO DE ACCESO ADICIONAL DE MATERIA--NOMBRE DE PERSONA
Nombre de persona Parini, Guiseppe (
Fechas asociadas al nombre 1729-1799)-
Subdivisión general Critica e interpretacion.
9 (RLIN) 130857
650 17 - PUNTO DE ACCESO ADICIONAL DE MATERIA--TÉRMINO DE MATERIA
Término de materia o nombre geográfico como elemento de entrada Poesía italiana-
Subdivisión cronológica S.XIX
Fuente del encabezamiento o término
9 (RLIN) 164955
700 1# - ENTRADA AGREGADA--NOMBRE PERSONAL
Nombre de persona Cantù, Cesare,
Fechas asociadas al nombre 1804-1895
9 (RLIN) 34697
700 1# - ENTRADA AGREGADA--NOMBRE PERSONAL
Nombre de persona Ronna, A. (
Fechas asociadas al nombre 1801-1866)
9 (RLIN) 164956
852 ## - LOCALIZACIÓN
Ubicación ES-MaACL
Número de control de estantería G-12568
Nota libre - Enc. hol.
856 ## - LOCALIZACIÓN Y ACCESO ELECTRÓNICOS
Identificador Uniforme de Recursos <a href="http://bdh-rd.bne.es/viewer.vm?id=0000114642&page=1 ">http://bdh-rd.bne.es/viewer.vm?id=0000114642&page=1 </a>
Nota pública Biblioteca Digital Hispánica
Holdings
Estatus retirado Estado de pérdida Estado de daño No para préstamo Colección Biblioteca de origen Biblioteca actual Ubicación en estantería Fecha de adquisición Fuente de adquisición Total de préstamos Signatura topográfica completa Código de barras Visto por última vez Precio de reemplazo Tipo de ítem Koha
        Colección digital Biblioteca del Ateneo de Madrid Biblioteca del Ateneo de Madrid Sala Pecera Planta 3 17/01/2008     G-12568 1170090 23/02/2023 23/02/2023 Libro impreso antiguo